LEADER 01516nam 2200385 450 001 9910707854003321 005 20161216093214.0 035 $a(CKB)5470000002468018 035 $a(OCoLC)966314724 035 $a(EXLCZ)995470000002468018 100 $a20161216d1999 ua 0 101 0 $aeng 135 $aurbn||||||||| 181 $2rdacontent 182 $2rdamedia 183 $2rdacarrier 200 10$aArcheological investigation of the carriage house, James A. Garfield National Historic Site, Mentor, Ohio /$fby William J. Hunt, Jr 210 1$aLincoln, Nebraska :$cUnited States Department of the Interior, National Park Service, Midwest Archeological Center,$d1999. 215 $a1 online resource (vi, 146 pages) $cillustrations 225 1 $aMidwest Archeological Center technical report ;$vno. 62 320 $aIncludes bibliographical references (pages 41-43). 606 $aExcavations (Archaeology)$zOhio$zMentor 606 $aHistoric buildings$zOhio$zMentor 607 $aJames A. Garfield National Historic Site (Mentor, Ohio) 607 $aMentor (Ohio)$xAntiquities 615 0$aExcavations (Archaeology) 615 0$aHistoric buildings 700 $aHunt$b William J.$cJr.,$01398875 712 02$aMidwest Archeological Center (U.S.), 801 0$bGPO 801 1$bGPO 906 $aBOOK 912 $a9910707854003321 996 $aArcheological investigation of the carriage house, James A. Garfield National Historic Site, Mentor, Ohio$93463102 997 $aUNINA